000 01188nam a2200337 i 4500
003 EG-GICUC
005 20260410204021.0
008 260410s1961 fr |||fr|||| 000 0 FRE d
017 _a1969
040 _aEG-GiCUC
_bfre
_cEG-GiCUC
_dEG-GiCUC
_eRda
082 0 4 _221
_a343.394
_bDO . R
092 0 4 _221
099 _aLaw 10 343.394 DO . R 1961
100 1 _aDoll, Paul-julien
_eAuteur
245 1 3 _aLa Réglementation De L'expertise en Matière Pénale (Suivie D'un Formulaire) /
_cPaul-julien Doll, Henri Guérin, Gérard Amédée-manesme.
264 1 _aParis :
_bLibrairie Generale De Droit Et De Jurisprudence,
_c1961.
300 _a72 page;
_c 24 cm.
336 _2rda contenu
_a texte
337 _2rda medias
_aOrdinateur
338 _2 transporteur rda
_a Ressource en ligne
505 _aSupplément Et Mise a Jour AU Premier Mars 1961
546 _aTexte en français
650 1 _aExpérience
_2qrmak
650 1 _aDroit De Pénal
_2qrmak
651 1 _2qrmak
700 _aGuérin, Henri
_eCo-Auteur
700 _aManesme, Gérard Amédée
_eCo-Auteur
856 4 0 _uhttps://fll.law.cu.edu.eg/fulltext/bks/B10-08605.pdf
905 _a54
942 _2ddc
_cBK
_e21
_n0
999 _c69963
_d69963